Allende, el hombre y el político: Memorias de un secretario privado

Uloženo v:
Podrobná bibliografie
Hlavní autor: Agnic Krstulovic, Ozren Nikola (Autor)
Médium: Kniha
Jazyk:španělština
Vydáno: Santiago Ril 2008
Vydání:1a. ed
Témata:
Tagy: Přidat tag
Žádné tagy, Buďte první, kdo vytvoří štítek k tomuto záznamu!

MARC

LEADER 00000cam a2200000 a 4500
001 UCH2453
003 CL-VaPUC
008 090611e20081100CL |||||||||||||||||spa|d
020 |a 9789562845663 
082 0 4 |a 923.183  |b AGN  |2 21 
100 0 |a Agnic Krstulovic, Ozren Nikola  |e author  |9 537275 
245 1 0 |a Allende, el hombre y el político: Memorias de un secretario privado 
250 |a 1a. ed 
300 |a 324 p 
942 |c BK 
945 |d 20090611 00:00:00  |a dcastane 
260 |a Santiago  |b Ril  |c 2008 
600 0 |a Allende Gossens, Salvador,   |d 1908-1973  |9 257222 
650 0 |a Biografías  |9 255210 
650 0 |a Política y gobierno  |9 255151 
583 |a last modification  |c 20121024 02:49:03  |k Rodrigo Vera 
999 |c 334193  |d 334191 
952 |0 0  |1 0  |4 0  |6 923_183000000000000_AGN_2008  |7 0  |8 A  |9 423032  |a BIBHIS  |b BIBHIS  |d 2019-11-22  |i 456068K  |o 923.183 AGN 2008  |p 456068K  |r 2025-01-20  |w 2019-11-22  |y BK  |k HIS 
952 |0 0  |1 0  |4 0  |6 923_183000000000000_AGN_2008  |7 0  |8 X  |9 423033  |a FDOBUD  |b FDOBUD  |d 2019-11-22  |i 4919602  |o 923.183 AGN 2008  |p 4919602  |r 2019-11-22  |w 2019-11-22  |y BK_X  |k BUD